Countries in Europe Made up of More that One Word - Statistics

General Stats
  • This quiz has been taken 75 times
  • The average score is 4 of 5
Answer Stats
Answer % Correct
United Kingdom
97%
Bosnia and Herzegovina
92%
Vatican City
86%
San Marino
84%
Czech Republic
82%
No matching quizzes found
Score Distribution
Percent of People with Each Score
Percentile by Number Answered
Your Score History
You have not taken this quiz